000 00515nam a2200145 a 4500
008 120416s0000 ||||||||||||||||| || u
020 _a0713133074
050 _aTK 7871.85 Car
100 _aCarroll, John E
245 1 0 _aPhysical models for semiconductor devices
260 _aLondon
_bEdward Arnold
_c1974
300 _axiv, 253p. : ill
350 _a0.00
995 _D0.00
_FCBU-MAIN LIBRARY (Kitwe)
_H1
_I6.50
_UAVAILABLE
_ZAnnex Low-Usage Collection
999 _c53571
_d53571